000 00618nam a22002057a 4500
003 OSt
005 20140310183131.0
008 130607t xxu||||| |||| 00| 0 eng d
020 _a9789718171707
050 _aTJ 899
_b.B352 2011
082 _aM 621.6
_bB352 2011
245 _aFundamentals of pumps, fans, blowers and compressors :
_breview text
_cBautista, Anthony James C.
260 _aSta. Cruz, Manila :
_bBooklore Publishing Corporation,
_cc2011.
300 _a123 p.
_bill. ;
_c22 cm.
521 _aCollege Students
526 _c1210L-1700L
541 _j1
562 _e1
942 _2lcc
_cBK
_kFil
999 _c19156
_d19156